Institutionalising new policies in the health sector <the> challenge of the AIDS epidemic

Na minha lista:
Detalhes bibliográficos
Autor principal: Steffen, Monika
Formato: Livro
Idioma:inglês
Publicado em: San Domenico (FI) European University Institute 1999
Colecção:EUI Working Paper EUF No. 99/17
Assuntos:
Tags: Adicionar Tag
Sem tags, seja o primeiro a adicionar uma tag!

MARC

LEADER 00000nam a2200000 4500
001 c131989
005 20221108123828.4
041 0 |a eng 
044 |a IT 
245 1 0 |a Institutionalising new policies in the health sector  |b <the> challenge of the AIDS epidemic  |c Monika Steffen 
264 1 |a San Domenico (FI)  |b European University Institute  |c 1999 
300 |a 32 s. 
490 1 |a EUI Working Paper EUF  |v No. 99/17 
830 0 |a EUI Working Paper EUF  |v No. 99/17 
610 2 0 |a starostlivosť zdravotná 
610 2 0 |a zdravotníctvo 
610 2 0 |a zdravotníctvo verejné 
100 1 |a Steffen, Monika